<?xml version="1.0" encoding="UTF-8"?>
<record
    xmlns:xsi="http://www.w3.org/2001/XMLSchema-instance"
    xsi:schemaLocation="http://www.loc.gov/MARC21/slim http://www.loc.gov/standards/marcxml/schema/MARC21slim.xsd"
    xmlns="http://www.loc.gov/MARC21/slim">

  <leader>01590nam a22002177a 4500</leader>
  <controlfield tag="005">20210414114010.0</controlfield>
  <controlfield tag="008">120612t        xxu||||| |||| 00| 0 eng d</controlfield>
  <datafield tag="020" ind1=" " ind2=" ">
    <subfield code="a">139780073530598</subfield>
  </datafield>
  <datafield tag="050" ind1=" " ind2=" ">
    <subfield code="a">HG4026.C643</subfield>
  </datafield>
  <datafield tag="100" ind1=" " ind2=" ">
    <subfield code="a">Ross, Stephen A.</subfield>
  </datafield>
  <datafield tag="245" ind1=" " ind2=" ">
    <subfield code="a">Corporate finance: core principles and applications. /</subfield>
    <subfield code="c">Stephen A. Ross, Randolph W. Westerfield ...[et al]</subfield>
  </datafield>
  <datafield tag="260" ind1=" " ind2=" ">
    <subfield code="a">Boston:</subfield>
    <subfield code="b">McGraw-Hill,</subfield>
    <subfield code="c">2007.</subfield>
  </datafield>
  <datafield tag="300" ind1=" " ind2=" ">
    <subfield code="a">xxi, 686 p.:</subfield>
    <subfield code="b">ill.;</subfield>
    <subfield code="c">26cm.</subfield>
  </datafield>
  <datafield tag="500" ind1=" " ind2=" ">
    <subfield code="a">Includes index.</subfield>
  </datafield>
  <datafield tag="505" ind1=" " ind2=" ">
    <subfield code="a">Contents: Introduction to corporate finance -- Financial statements and cash flow -- Financial statements analysis and long-term planning -- Valuation and capital budgeting: Discounted cash flow valuation -- Interest rates and bond valuation -- Stock valuation -- Net present value and other investment rules -- Making capital investment decisions -- Risk analysis, real options and capital budgeting -- Risk and return: Risk and return lessons from market history -- Return and risk: the capital asset pricing model -- Risk, cost of capital and capital budgeting -- Capital structure and dividend policy: Corporate financing decisions and efficient capital markets -- Capital structure: basic concepts -- Limits to the use of debt -- Dividends and other payouts -- Special topics: Options and corporate finance -- Short-term finance and planning -- Mergers and acquisitions -- International corporate finance -- Appendixes.</subfield>
  </datafield>
  <datafield tag="650" ind1=" " ind2=" ">
    <subfield code="a">Corporate Finance</subfield>
    <subfield code="x">Finance</subfield>
  </datafield>
  <datafield tag="700" ind1=" " ind2=" ">
    <subfield code="a">Westerfield, Randolph W. </subfield>
  </datafield>
  <datafield tag="700" ind1=" " ind2=" ">
    <subfield code="a">Jaffe, Jeffrey F</subfield>
  </datafield>
  <datafield tag="700" ind1=" " ind2=" ">
    <subfield code="a">Jordan, Bradford D</subfield>
  </datafield>
  <datafield tag="942" ind1=" " ind2=" ">
    <subfield code="2">lcc</subfield>
    <subfield code="c">BK</subfield>
  </datafield>
  <datafield tag="999" ind1=" " ind2=" ">
    <subfield code="c">1251</subfield>
    <subfield code="d">8751</subfield>
  </datafield>
  <datafield tag="952" ind1=" " ind2=" ">
    <subfield code="0">0</subfield>
    <subfield code="1">0</subfield>
    <subfield code="2">lcc</subfield>
    <subfield code="4">0</subfield>
    <subfield code="7">0</subfield>
    <subfield code="a">WIUC-1</subfield>
    <subfield code="b">WIUC-1</subfield>
    <subfield code="c">GEN</subfield>
    <subfield code="d">2012-06-12</subfield>
    <subfield code="l">0</subfield>
    <subfield code="o">HG4026.C643</subfield>
    <subfield code="p">3479/12</subfield>
    <subfield code="r">2012-06-12 00:00:00</subfield>
    <subfield code="t">1</subfield>
    <subfield code="w">2012-06-12</subfield>
    <subfield code="y">BK</subfield>
  </datafield>
  <datafield tag="952" ind1=" " ind2=" ">
    <subfield code="0">0</subfield>
    <subfield code="1">0</subfield>
    <subfield code="2">lcc</subfield>
    <subfield code="4">0</subfield>
    <subfield code="7">0</subfield>
    <subfield code="a">WIUC-1</subfield>
    <subfield code="b">WIUC-1</subfield>
    <subfield code="c">GEN</subfield>
    <subfield code="d">2012-06-12</subfield>
    <subfield code="l">0</subfield>
    <subfield code="o">HG4026.C6431</subfield>
    <subfield code="p">3480/12</subfield>
    <subfield code="r">2012-06-12 00:00:00</subfield>
    <subfield code="t">2</subfield>
    <subfield code="w">2012-06-12</subfield>
    <subfield code="y">BK</subfield>
  </datafield>
</record>
